000 00893nam a2200289Ia 4500
005 20260324112545.0
008 008 260324s9999 xx 000 0 eng d
020 _a9781003411574
037 _aEBOOK
040 _aCRL
040 _beng
040 _cCRL
041 _2eng
041 _aeng
084 _qCRL
100 _aHarriet Harriss; Federica Vannucchi; Michela Barosio; Dag Boutsen; Mia Roth-Čerina; Carla Sentieri; Johan De Walsche; Santiago Gomes; Andrea Čeko; Haydée De Loof; Hanne Van Reusel; Roberta Marcaccio; Neal Sashore
_91143190
245 0 _aArchitecture's Afterlife
245 4 _bThe Multisector Impact of an Architecture Degree
260 _bTaylor and Francis
260 _c2024
365 _a
365 _b230
856 _uhttp://www.taylorfrancis.com/books/9781003411574
942 _cEBOOK
999 _c1732442
_d1732442